Black Widow Movies - Statistics

General Stats
  • This quiz has been taken 36 times
    31 since last reset
  • The average score is 8 of 9
Answer Stats
Year Scarlett Johansson % Correct
2019 Avengers: Endgame
100%
2018 Avengers: Infinity War
100%
2012 The Avengers
100%
2015 Avengers: Age of Ultron
96%
2021 Black Widow
96%
2010 Iron Man 2
92%
2014 Captain America: The Winter Soldier
88%
2016 Captain America: Civil War
84%
2019 Captain Marvel
44%
No matching quizzes found
Score Distribution
Percent of People with Each Score
Percentile by Number Answered
Your Score History
You have not taken this quiz since the last reset